|
|
|
|
| LEADER |
00000nab a2200000 a 4500 |
| 001 |
vtls010190206 |
| 003 |
SK-MaSNL |
| 005 |
20260305020221.0 |
| 008 |
250507c2009 xo ||||||||||||00 b|slo |
| 015 |
|
|
|a SNBRB2010/11
|2 snkbucl
|
| 035 |
|
|
|a (uuid)5232cc81-c7ee-4825-8570-b747f4bdd930
|
| 035 |
|
|
|a urn:nbn:sk:snk-ab17a1
|
| 035 |
|
|
|a (urnnbn)urn:nbn:sk:snk:ar-005509
|
| 038 |
|
|
|a SNKBUCL
|
| 040 |
|
|
|a SNKBUCL
|b slo
|c SNKBUCL
|e AACR2
|
| 041 |
0 |
|
|a slo
|b eng
|b slo
|
| 044 |
|
|
|a xo
|c SK
|
| 080 |
|
|
|a 630*5
|2 1997
|
| 080 |
|
|
|a 630*1
|2 1997
|
| 100 |
1 |
|
|a Pajtík, Jozef
|4 aut
|9 279380
|
| 245 |
1 |
0 |
|a Kvantifikácia uhlíkových zásob a ich bilančných zmien na regionálnej úrovni
|c Jozef Pajtík, Tibor Priwitzer, Róbert Cibula
|
| 300 |
|
|
|b Obr., tab.
|
| 504 |
|
|
|a Bibliogr. odkazy
|
| 546 |
|
|
|a Res. angl., slov.
|
| 650 |
0 |
7 |
|a lesy
|2 snkbucl
|9 1437
|
| 650 |
0 |
7 |
|a biomasa
|2 snkbucl
|9 4197
|
| 650 |
0 |
7 |
|a lesná biomasa
|2 snkbucl
|9 122097
|
| 650 |
0 |
7 |
|a uhlík
|2 snkbucl
|9 18124
|
| 650 |
0 |
7 |
|a oxid uhličitý
|2 snkbucl
|9 17291
|
| 650 |
0 |
7 |
|a zásoby uhlíka
|2 snkbucl
|9 1595669
|
| 650 |
0 |
7 |
|a bilancia
|2 snkbucl
|9 657628
|
| 700 |
1 |
|
|a Priwitzer, Tibor
|4 aut
|9 14134
|
| 700 |
1 |
|
|a Cibula, Róbert
|4 aut
|9 778439
|
| 773 |
0 |
|
|t Lesnícky časopis = Forestry journal
|g Roč. 55, č. 4 (2009), s. 353-365
|x 0323-1046
|
| 850 |
|
|
|a Slovenská národná knižnica
|
| 852 |
|
|
|a Slovenská národná knižnica
|
| 958 |
|
|
|a article27
|
| 958 |
|
|
|a OND
|
| 958 |
|
|
|a NB
|
| 958 |
|
|
|a EUIPO
|
| 999 |
|
|
|c 3279549
|d 3281479
|